00430nam a2200145 a 450008200160000010000210001624500420003725000190007926000750009830000100017350000350018350500200021865000250023870000210026300a001.42bMAB aMabry, Hunter, P aA Manual for Researchers and Writers  aSecond Edition aBangalore bBoard of Theological Education, Senate of Serampore c2011 a336p  aincludes index and biblioraphy2 aindices, biblio aResearch Methodology1 aMabry, Hunter, P